000 00600nam a2200217Ia 4500
003 GCL
008 140319s9999 xx 000 0 ara d
040 _aGCL /
_cGCL
082 0 4 _a012
_bح م
100 1 _aجعفر ال ياسين
245 1 0 _aمؤلفات الفارابى /
_cجعفر ال ياسين
700 1 _aحسين على محفوظ
300 _a524 ص
490 _a
650 0 4 _aالكتب النادرة
650 0 4 _aالببليوجرافيات
650 0 4 _aالفارابى
650 0 4 _aالببليوجرافيا
650 0 4 _aالمجموعات
942 _2ddc
_cBK
999 _c40819
_d40819